00951 2200313 4500001002100000005001500021035002000036007000300056008004100059020002200100082001700122084001900139100002400158245008800182250003500270300002500305650002500330700003300355504003300388264004200421336002100463337003000484338002300514040002200537090002200559850001200581999002200593990002200615INLIS00000000087948520230622015806 a0010-0623000558ta220215s2023 yoia g 0 ind d a978-623-8079-38-404223a616.9792 a616.9792 MAH p0 aMahathirePengarang10aPencegahan HIV pada pekerja seks komersil /cMahathir; penyunting, Ari Sulistyawati aCetakan pertama, Februari 2023 a109 halaman ;c21 cm 4aHIV (Virus), Infeksi0 aAri SulistyawatiePenyunting aBIbliografi: halaman 105-10831aBantul :bMitra Edukasi Negeri,c2023 2rdacontentateks 2rdamediaatanpa perantara 2rdacarrieravolume aYOPDYOGbinderda aCB-D.11 2023-0959 aYOPDYOG aCB-D.11/2023-0959 aCB-D.11/2023-0959